000 01243nam a22003017a 4500
003 0
005 20250913102544.0
008 250912b xxu||||| |||| 00| 0 eng d
020 _a978-0-316-24408-4
050 _aPZ 7.1
_b.C835 2013
100 _aCowell, Cressida,
_eauthor,
_eillustrator.
245 _aHow to train your dragon book 10 :
_bhow to seize a dragon’s jewel /
_cCressida Cowell.
250 _aFirst U.S. paperback edition.
260 _aNew York :
_bLittle, Brown and Company,
_c2013.
300 _a389 pages :
_billustrations ;
_c20 cm.
490 _aHow to train your dragon ;
_vbk. 10
500 _aOriginally published in the U.K. by Hodder Children’s Books, 2012.
520 _aWhen Hiccup Horrendous Haddock III is captured by the Dragon Rebellion, he must outwit traitors, discover a powerful jewel, and face the darkest dangers yet in order to save both dragons and Vikings.
650 _aVikings
_vFiction.
650 _aDragons
_vFiction.
650 _aQuests (Expeditions)
_vFiction.
650 _aProphecies
_vFiction.
650 _aFriendship
_vFiction.
650 _aFathers and sons
_vFiction.
650 _aHumorous stories.
830 _aHow to train your dragon ;
_sbk. 10.
942 _2lcc
_cBK
999 _c367936
_d367936